| 000 | 01241nam a2200241Mu 4500 | ||
|---|---|---|---|
| 001 | berkeleycastleil00wood | ||
| 003 | CaSfIA | ||
| 005 | 20210117192632.0 | ||
| 007 | cr|||| | ||
| 008 | 051227s1950 xx 000 0 und d | ||
| 040 |
_aGEBAY _bger _cGEBAY _dCaSfIA |
||
| 035 | _a(OCoLC)162668381 | ||
| 245 | 0 | 0 |
_aBerkeley Castle : _h[electronic resource] _bAn illustr. survey of the Gloucestershire home of the Berkeley Family. General ed.: Charles H. Wood |
| 260 |
_aDerby _bEngl. Life Publ. _c[ca. 1950] |
||
| 300 | _a29 gez. Taf. | ||
| 700 | 1 | _aWood, Charles H. | |
| 856 | 4 | 1 |
_uhttp://www.archive.org/details/berkeleycastleil00wood _zFree eBook from the Internet Archive |
| 856 | 4 | 2 |
_uhttp://www.openlibrary.org/books/OL24589070M _zAdditional information and access via Open Library |
| 999 |
_c473039 _d473039 |
||
| 942 | _cEB | ||
| 506 | _fНеобхідна авторизація на https://archive.org/ (створення облікового запису безкоштовно) | ||
| 506 | _fНеобхідна авторизація на https://openlibrary.org/ (створення облікового запису безкоштовно) | ||